|
|
|
|
| LEADER |
00000nam0a2200000 4500 |
| 001 |
352270 |
| 005 |
20231102010501.0 |
| 010 |
|
|
|a 5030009280
|
| 020 |
|
|
|a RU
|b 89-29005
|
| 035 |
|
|
|a (RuTPU)RU\TPU\retro\8723
|
| 090 |
|
|
|a 352270
|
| 100 |
|
|
|a 20191209d1989 k y0rusy5003 ca
|
| 101 |
1 |
|
|a rus
|c eng
|
| 102 |
|
|
|a RU
|
| 105 |
|
|
|a a z 001zy
|
| 200 |
1 |
|
|a Геофизические методы в региональной геологии
|e пер. с англ.
|f П. В. Шарма
|g перевод с англ. Б. В. Гусева; под ред. Ф. М. Ляховицкого
|
| 210 |
|
|
|a Москва
|c Мир
|d 1989
|
| 215 |
|
|
|a 487 с.
|c ил., карт.
|d 22 см
|
| 320 |
|
|
|a Библиогр. в конце глав
|
| 320 |
|
|
|a Предм. указ.: с. 479-484
|
| 606 |
1 |
|
|a Геофизические исследования
|2 stltpush
|3 (RuTPU)RU\TPU\subj\6266
|9 34194
|
| 610 |
1 |
|
|a региональная геология
|
| 610 |
1 |
|
|a сейсмические методы
|
| 610 |
1 |
|
|a гравиметрические методы
|
| 610 |
1 |
|
|a магнитные методы
|
| 610 |
1 |
|
|a палеомагнитные методы
|
| 610 |
1 |
|
|a электрические методы
|
| 610 |
1 |
|
|a электромагнитные методы
|
| 610 |
1 |
|
|a радиометрические методы
|
| 610 |
1 |
|
|a геотермические методы
|
| 610 |
1 |
|
|a геофизика
|
| 610 |
1 |
|
|a тектоника
|
| 675 |
|
|
|a 550.3
|z rus
|v 3
|
| 700 |
|
1 |
|a Шарма
|b П. В.
|4 070
|
| 702 |
|
1 |
|a Ляховицкий
|b Ф. М.
|4 340
|
| 702 |
|
1 |
|a Гусев
|b Б. В.
|4 730
|
| 801 |
|
0 |
|a RU
|b RuMRKP
|c 19950417
|g psbo
|
| 801 |
|
1 |
|a RU
|b 63413507
|c 20191209
|
| 801 |
|
2 |
|a RU
|b 63413507
|c 20191209
|g RCR
|
| 942 |
|
|
|c BK
|